ARITHMETIC OF BLOCK MONOIDS

Bibliographic Details
Main Author: WOLFGANG A. SCHMID (Author)
Format: Article
Language:English

MARC

LEADER 00000nab a2200000uu 4500
001 vtls011451228
003 SK-MaSNL
005 20260303153855.0
008 230222|2004 xo |||||||||||||||||eng|
015 |a SNBRB 
035 |a (urnnbn)urn:nbn:sk:snk:ar-006kpi 
035 |a (uuid)28505201-c1f8-488a-b193-932cc0f3cf6a 
035 |a urn:nbn:sk:snk-abcn8j 
040 |a SNKBUCL  |b slo  |c SNKBUCL  |e AACR2 
041 0 |a eng 
044 |a xo  |c SK 
100 1 |a WOLFGANG A. SCHMID  |4 aut  |9 1170721 
245 1 0 |a ARITHMETIC OF BLOCK MONOIDS  |c Wolfgang A. Schmid 
773 0 |t Mathematica Slovaca  |g Roč. 54, č. 5 (2004), s. 503-526 
958 |a OND 
958 |a EUIPO 
958 |a article16 
999 |c 2030616  |d 2032546